Statistics for Green Day - 21st Century Breakdown Songs

Click here to take the quiz!

General Stats

  • This quiz has been taken 13 times
  • The average score is 14 of 22

Answer Stats

ListensSong% Correct
548,901,06721 Guns
100%
9,880,913American Eulogy (Mass Hysteria/Modern World)
78%
17,360,689East Jesus Nowhere
78%
108,475,871Know Your Enemy
78%
58,827,957Last Night On Earth
78%
22,512,263¡Viva La Gloria!
78%
39,222,92021st Century Breakdown
67%
9,612,455
Song Of The Century
67%
28,600,424Last Of The American Girls
67%
13,667,832Before The Lobotomy
56%
8,677,456Christian's Inferno
56%
12,195,022Horseshoes And Handgrenades
56%
10,755,463Murder City
56%
14,198,565Peacemaker
56%
12,082,829Restless Heart Syndrome
56%
7,443,045See The Light
56%
9,945,991The Static Age
56%
30,811,846¿Viva La Gloria? (Little Girl)
56%
449,121Another State Of Mind
44%
502,360A Quick One While He's Away
44%
6,650That's All Right
44%
14,857Like A Rolling Stone
33%

Score Distribution

Percentile by Number Answered

Percent of People with Each Score

Your Score History

You have not taken this quiz